000 00457nam a2200157Ia 4500
005 20250225121723.0
008 231217s9999 xx 000 0 und d
020 _a9788178083476
082 _a001.6424 HOP;76
100 _aHopcroft, John E. Motwani, Rajeev. Ullman, Jeffrey D.
245 0 _aIntroduction to automata theory, languages and computation
250 _a2nd ed.
260 _c2001
_bPearson Education
_aDelhi
300 _a534
942 _cAA
999 _c181029
_d181029